000 00601nam a2200193Ia 4500
003 GCL
008 140319s9999 xx 000 0 ara d
040 _aGCL /
_cGCL
082 0 4 _a792.025
_bا ع
100 1 _aاحمد زكى
245 1 0 _aعبقرية الاخراج المسرحى المدارس والمناهج /
_cاحمد زكى
260 _a[S.N] :
_bالهيئة المصرية العامة للكتاب ،
_c1989
300 _a279 ص
490 _a
650 0 4 _aالاخراج المسرحى
650 0 4 _aالمسرح
650 0 4 _aالمسرح التجريبى
942 _2ddc
_cBK
999 _c29610
_d29610